000 00892cam a22002771 4500
001 000018266
005 20200929165428.0
008 750923s1938 ag 000 1 spa
010 _a40018014
035 _a(OCoLC)1650068
040 _aDO-SdBNP
_cNAlU
_dDLC
082 _a862.3
_bC146a
100 2 _aCalderon de la Barca, Pedro,
_d1600-1681.
_95547
245 1 3 _aEl alcalde de Zalamea, /
_cLa vida es sueno.
260 _a[Buenos Aires] :
_bEspasa-Calpe, s.a.,
_c[1938].
300 _a3 p. l., 9-249 p. ;
_c18 cm.
490 0 _aColeccion austral
500 _aAt head of title: Calderon de la Barca.
650 4 _aTeatro español
_93071
650 4 _aLiteratura española
_9632
700 2 2 _aCalderon de la Barca, Pedro,
_d1600-1681.
_tVida es sueno.
_939560
740 0 2 _aVida es sueno.
830 0 _aColeccion austral
_939561
910 _aCatalogación derivada
049 _aBNGR
999 _c17787
_d17787